| 000 | 00601nam a22001577a 4500 | ||
|---|---|---|---|
| 020 | _a978-93-82951-62-9 | ||
| 082 |
_a100 _bKHE/L |
||
| 100 | _aKHERA, SHIV | ||
| 245 | _aLIVING WITH HONOUR:IT IS BETTER TO BE HONOURABLE THAN TO BE HONOURED | ||
| 246 |
_aLIVING WITH HONOUR:IT IS BETTER TO BE HONOURABLE THAN TO BE HONOURED _bLIVING WITH HONOUR:IT IS BETTER TO BE HONOURABLE THAN TO BE HONOURED |
||
| 260 |
_aNEW DELHI _bBLOOMSBURY _c2014 |
||
| 300 | _a202 | ||
| 520 | _aIt fundamentally discerns the concept of being honorable and being honored. | ||
| 650 | _aMOTIVATIONAL& PSYCHOLOGICAL | ||
| 942 | _cBK | ||
| 999 |
_c8553 _d8553 |
||